Southern Africa Map Practice - Statistics

General Stats
  • This quiz has been taken 1,516 times
  • The average score is 18 of 24
Answers on the Map
Answers color-coded by a green-red scale on the quiz's map according to % correct below.
 
Answer Stats
Answer % Correct
South Africa
90%
Madagascar
87%
Zimbabwe
82%
Democratic Republic of the Congo
79%
Kenya
79%
Mozambique
79%
Equatorial Guinea
77%
Botswana
74%
Gabon
74%
Sao Tome and Principe
74%
Seychelles
74%
Zambia
74%
Angola
72%
Comoros
72%
Eswatini
72%
Namibia
72%
Republic of the Congo
72%
Rwanda
72%
Tanzania
67%
Uganda
67%
Burundi
64%
Lesotho
64%
Mauritius
64%
Malawi
62%
No matching quizzes found
Score Distribution
Percent of People with Each Score
Percentile by Number Answered
Your Score History
You have not taken this quiz